| 000 | 00728nam a22002177a 4500 | ||
|---|---|---|---|
| 999 |
_c7338 _d7338 |
||
| 003 | AR-CdUCM | ||
| 008 | 190320b ||||| |||| 00| 0 spa d | ||
| 020 | _a84-7561-788-3 | ||
| 040 |
_aMUNICIPALIDAD PROVINCIAL DEL CUSCO _cBIBLIOTECA MUNICIPAL DEL CUSCO |
||
| 082 |
_a135.3 / _bS31 |
||
| 100 |
_aScholten, Max _914152 |
||
| 245 | _aLa interpretación de los sueños / | ||
| 260 |
_aLima : _bNavarrete, |
||
| 300 |
_a157 páginas ; _c21 cm. |
||
| 505 | _aContenido : La simbología de los sueños precognitivos -- Ciertas experiencias -- La simbología onírica, objeto de estudio ... | ||
| 650 |
_aSímbolos _9438 |
||
| 650 |
_aInterpretaciones _920677 |
||
| 650 |
_aSueños _9335 |
||
| 942 |
_2ddc _cLIBROS |
||
| 945 | _arah | ||